000
00306nam a2200133Ia 4500
005
20251222144759.0
008
251222s9999||||xx |||||||||||||| ||spa||
020
_a
88-06-12721
082
_a
853.91/P27P
100
_a
Pasolini, Pier Paolo
245
0
_a
Petrolio
264
_b
Giulio Einaudi
942
_c
LIB
999
_c
19665
_d
19665